Logo BPK

Biblioteka

Politechniki Koszalińskiej

Widoczność przeszkód na drogach ważnych dla ruchu samochodowego przy stacjonarnym oświetleniu / (Rekord nr 37969)

Szczegóły MARC
000 -ETYKIETA REKORDU
podpole kontrolne o stałej długości 00781nam a2200229 i 4500
001 - NUMER KONTROLNY REKORDU
pole kontrolne bg
040 ## - ŹRÓDŁO KATALOGOWANIA
Instytucja, która utworzyła rekord BPK
041 0# - KOD JĘZYKA
Kod języka tekstu pl
Kod języka streszczenia lub abstraktu en
080 ## - UNIWERSALNA KLASYFIKACJA DZIESIĘTNA - UKD
UKD 625:621.32
008 - POLE O STAŁEJ DŁUGOŚCI - DANE KONTROLNE
podpole kontrolne o stałej długości s pl f |000 0 pol
100 1# - NAZWA OSOBOWA
Nazwa osobowa GOLIK, Władysław
245 10 - TYTUŁ/ODPOWIEDZIALNOŚĆ
Tytuł Widoczność przeszkód na drogach ważnych dla ruchu samochodowego przy stacjonarnym oświetleniu /
Pozostałe elementy strefy tytułu i oznaczenia odpowiedzialności Władysław Golik.
260 ## - STREFA ADRESU WYDAWNICZEGO
Miejsce wydania Poznań :
Nazwa wydawcy/dystrybutora Wydaw. PP,
Data publikacji, dystrybucji/powstania dokumentu 2000.
300 ## - STREFA OPISU FIZYCZNEGO
Objętość 87, [2] s. :
Inne cechy fizyczne il. (w tym kolor.) ;
Rozmiary 24 cm.
490 1# - STREFA SERII I DOKUMENTU WIELOCZĘŚCIOWEGO - FORMA NIE DO WYSZUKIWANIA
Tytuł i oznaczenie odpowiedzialności serii Rozprawy / Politechnika Poznańska,
ISSN 0551-6528 ;
Numeracja w obrębie serii nr 355
500 ## - UWAGI OGÓLNE
Tekst uwagi Streszcz. ang.
504 ## - UWAGA DOTYCZĄCA BIBLIOGRAFII
Informacje o bibliografii Bibliogr.
650 #9 - HASŁO PRZEDMIOTOWE W FORMIE NAZWY OGÓLNEJ LUB JEDNOSTKOWEJ
Nazwa ogólna lub geograficzna Oświetlenie dróg
Określnik ogólny zagadnienia
650 #9 - HASŁO PRZEDMIOTOWE W FORMIE NAZWY OGÓLNEJ LUB JEDNOSTKOWEJ
Nazwa ogólna lub geograficzna Oświetlenie elektryczne
Określnik ogólny zagadnienia
830 #0 - HASŁO DODATKOWE SERII LUB DOKUMENTU WIELOCZĘŚCIOWEGO - TYTUŁ UJEDNOLICONY
Tytuł ujednolicony Rozprawy (Politechnika Poznańska) ;
Oznaczenie tomu nr 355
856 ## - LOKALIZACJA I DOSTĘP DO ELEKTRONICZNYCH DOKUMENTÓW ZDALNYCH
Link (URL) http://koha.tu.koszalin.pl/cgi-bin/koha/opac-detail.pl?biblionumber=37969
Tekst linku Katalog online BPK
942 ## - DODATKOWE ELEMENTY (KOHA)
Typ dokumentu Książka
Egzemplarze
Wycofany Status egzemplarza Uszkodzony Dostępność Lokalizacja stała Lokalizacja bieżąca Miejsce przechowywania Sygnatura Kod kreskowy Ostatnio wypożyczono Typ dokumentu
      Dostępny Biblioteka Politechniki Koszalińskiej Biblioteka Politechniki Koszalińskiej Wypożyczalnia BG 54448 01506556 11.06.2013 Książka
© 2023 Biblioteka Politechniki Koszalińskiej :: KOHA